City by Satellite Picture (Again) - Statistics

General Stats
  • This quiz has been taken 72 times
  • The average score is 10 of 12
Answer Stats
Picture Answer % Correct
London
100%
Dubai
98%
Venice
95%
Istanbul
94%
Singapore
88%
Amsterdam
86%
Monaco
86%
Rome
80%
Boston
58%
Buenos Aires
57%
Detroit
55%
Montreal
52%
No matching quizzes found
Score Distribution
Percent of People with Each Score
Percentile by Number Answered
Your Score History
You have not taken this quiz